European Competitions Top 5 Scorers: 2005/06 - Statistics

General Stats
  • This quiz has been taken 4 times
  • The average score is 9 of 13
Answer Stats
Competition Goals Club Nationality Player % Correct
Champions League 9 Milan Ukraine Andriy Shevchenko
100%
Champions League 6 Juventus France David Trezeguet
100%
Champions League 7 Barcelona Brazil Ronaldinho
100%
Champions League 6 Barcelona Cameroon Samul Eto'o
100%
Champions League 5 Arsenal France Thierry Henry
100%
Champions League 5 Inter Brazil Adriano
75%
UEFA Cup 6 Sevilla Mali Frederic Kanoute
75%
Champions League 5 Werder Bremen France Johan Micoud
75%
Champions League 5 Milan Brazil Kaka
75%
UEFA Cup 6 Middlesbrough Australia Mark Viduka
75%
UEFA Cup 6 Sevilla Argentina Javier Saviola
0%
UEFA Cup 7 Basel Argentina Matias Delgado
0%
UEFA Cup 6 FCSB Romania Nicolae Dica
0%
No matching quizzes found
Score Distribution
Percent of People with Each Score
Percentile by Number Answered
Your Score History
You have not taken this quiz